日本の村(人口順) - Statistics

General Stats
  • This quiz has been taken 624 times
  • The average score is 81 of 189
Answer Stats
都道府県 Answer % Correct
沖縄県 読谷村
68%
茨城県 東海村
68%
東京都 小笠原村
68%
東京都 檜原村
64%
東京都 青ヶ島村
64%
奈良県 十津川村
60%
北海道 泊村
60%
群馬県 嬬恋村
59%
大阪府 千早赤阪村
58%
福島県 西郷村
56%
北海道 音威子府村
56%
和歌山県 北山村
56%
沖縄県 中城村
55%
長野県 白馬村
54%
沖縄県 国頭村
54%
鹿児島県 十島村
54%
沖縄県 北大東村
54%
福島県 檜枝岐村
54%
奈良県 上北山村
54%
新潟県 粟島浦村
54%
沖縄県 恩納村
53%
富山県 舟橋村
53%
沖縄県 東村
53%
沖縄県 南大東村
53%
東京都 御蔵島村
53%
千葉県 長生村
52%
青森県 六ヶ所村
52%
愛知県 飛島村
52%
東京都 三宅村
52%
奈良県 下北山村
52%
沖縄県 北中城村
51%
長野県 野沢温泉村
51%
東京都 新島村
51%
東京都 利島村
51%
福岡県 赤村
50%
東京都 神津島村
50%
岐阜県 白川村
50%
鹿児島県 三島村
50%
熊本県 南阿蘇村
49%
神奈川県 清川村
49%
埼玉県 東秩父村
49%
大分県 姫島村
49%
奈良県 野迫川村
49%
長野県 南箕輪村
48%
青森県 田舎館村
48%
岩手県 九戸村
48%
奈良県 | 長野県 川上村
48%
鳥取県 日吉津村
48%
北海道 猿払村
48%
京都府 南山城村
48%
青森県 佐井村
48%
愛知県 豊根村
48%
長野県 北相木村
48%
山梨県 忍野村
47%
山梨県 山中湖村
47%
群馬県 | 長野県 南牧村
47%
長野県 小谷村
47%
北海道 占冠村
47%
群馬県 上野村
47%
長野県 売木村
47%
北海道 色丹村
47%
茨城県 美浦村
46%
青森県 東通村
46%
沖縄県 伊江村
46%
長野県 木祖村
46%
岐阜県 東白川村
46%
長野県 南相木村
46%
群馬県 榛東村
45%
沖縄県 今帰仁村
45%
新潟県 刈羽村
45%
秋田県 上小阿仁村
45%
長野県 栄村
45%
青森県 風間浦村
45%
長野県 王滝村
45%
沖縄県 渡名喜村
45%
北海道 留夜別村
45%
福島県 | 群馬県 昭和村
44%
群馬県 片品村
44%
宮崎県 椎葉村
44%
岩手県 普代村
44%
岡山県 西粟倉村
44%
北海道 初山別村
44%
島根県 知夫村
44%
山梨県 丹波山村
44%
北海道 蘂取村
44%
新潟県 弥彦村
43%
奈良県 明日香村
43%
岩手県 野田村
43%
山形県 鮭川村
43%
徳島県 佐那河内村
43%
沖縄県 伊是名村
43%
奈良県 曽爾村
43%
青森県 西目屋村
43%
北海道 赤井川村
43%
北海道 西興部村
43%
沖縄県 渡嘉敷村
43%
山梨県 小菅村
43%
北海道 留別村
43%
北海道 紗那村
43%
北海道 留寿都村
42%
奈良県 御杖村
42%
長野県 天龍村
42%
沖縄県 伊平屋村
42%
北海道 神恵内村
42%
岡山県 新庄村
42%
沖縄県 粟国村
42%
高知県 大川村
42%
長野県 阿智村
41%
岩手県 田野畑村
41%
沖縄県 多良間村
41%
高知県 馬路村
41%
沖縄県 宜野座村
40%
北海道 新篠津村
40%
秋田県 大潟村
40%
秋田県 東成瀬村
40%
奈良県 東吉野村
40%
奈良県 黒滝村
40%
長野県 松川村
39%
山梨県 道志村
39%
長野県 山形村
38%
長野県 原村
38%
長野県 青木村
38%
青森県 蓬田村
38%
鹿児島県 宇検村
38%
奈良県 天川村
38%
沖縄県 座間味村
38%
群馬県 | 長野県 高山村
37%
新潟県 関川村
36%
群馬県 川場村
36%
沖縄県 大宜味村
36%
福島県 鮫川村
36%
山梨県 鳴沢村
36%
熊本県 球磨村
36%
福岡県 東峰村
36%
長野県 泰阜村
36%
鹿児島県 大和村
36%
福島県 飯舘村
36%
長野県 根羽村
36%
福島県 葛尾村
36%
長野県 喬木村
35%
宮城県 大衡村
35%
長野県 朝日村
35%
北海道 中札内村
35%
北海道 鶴居村
35%
福島県 北塩原村
35%
北海道 真狩村
35%
北海道 島牧村
35%
高知県 北川村
35%
宮崎県 西米良村
35%
熊本県 五木村
35%
奈良県 山添村
34%
熊本県 産山村
34%
長野県 大鹿村
34%
長野県 平谷村
34%
福島県 天栄村
33%
長野県 麻績村
33%
青森県 新郷村
33%
高知県 三原村
33%
熊本県 西原村
32%
北海道 更別村
32%
長野県 小川村
32%
長野県 宮田村
31%
長野県 木島平村
31%
高知県 芸西村
31%
山形県 大蔵村
31%
福島県 泉崎村
30%
福島県 湯川村
30%
長野県 生坂村
30%
福島県 大玉村
29%
山形県 戸沢村
29%
長野県 筑北村
29%
長野県 大桑村
29%
熊本県 水上村
29%
福島県 玉川村
28%
福島県 川内村
28%
宮崎県 諸塚村
28%
福島県 中島村
27%
熊本県 相良村
27%
長野県 豊丘村
26%
高知県 日高村
25%
長野県 中川村
25%
長野県 下條村
25%
熊本県 山江村
25%
福島県 平田村
24%
No matching quizzes found
Score Distribution
Percent of People with Each Score
Percentile by Number Answered
Your Score History
You have not taken this quiz